Statystyki dla Polskie imiona po włosku

Kliknij tutaj aby rozwiązać quiz!

Ogólne statystyki

  • Ten quiz został rozwiązany 787 razy
    (786 od ostatniego zresetowania)
  • Średni wynik to 4 z 18

Statystyki odpowiedzi

HintOdpowiedź% Poprawnych
AleksanderAlessandro
63%
AndrzejAndrea
57%
ŁucjaLucia
52%
BartłomiejBartolomeo
49%
WitoldVito
20%
SylwesterSilvestro
19%
WaleryValerio
17%
DorotaDorotea
16%
KatarzynaCaterina
11%
RemigiuszRemigio
11%
StanisławStanislao
10%
KrzysztofCristoforo
9%
KazimierzCasimiro
8%
WojciechAdalberto
4%
ZygmuntSigismondo
3%
RafałRaffaele
2%
BłażejBiagio
1%
ZacharyZaccaria
1%

Rozkład punktacji

Percentyl według liczby udzielonych odpowiedzi

Procent ludzi z każdym wynikiem

Twoja historia wyników

Nie rozwiązałeś tego quizu od ostatniego zresetowania